Quizzes
Events
Quiz Creation
Community
Videos
Private Events
Remove Ads
Sign In
Join for FREE
Feedback
Dark Mode
Quiz Categories
Sports
Geography
Music
Movies
Television
Just For Fun
Miscellaneous
History
Literature
Language
Science
Gaming
Entertainment
Religion
Holiday
For Kids
Quiz Lab
Recent
Popular Today
Quiz Kudos Today
Editor Picks
Curator Picks
Quizzes by...
Day
Popularity
Type
Ratings
Length
Year
Community
Subscriptions
Recent Discussions
Orange Saloon
Badges
Playlists
Quests
Create
Leaderboards
Showdown
Live 5
Trivia Bingo
Activity
Puzzle Library
Sporcle Events
Private Events
Virtual Trivia
Globe League
Become a Host
Pub Owners
SporcleCon
Opinionation
Our Games
Videos
Blog
Mobile Apps
Partnerships
Remove Ads and Go Orange
Feedback
Sports
Athletes
MLB
NBA
NHL
NFL
Soccer
Sports Teams
WWE
NCAA
Football
Premier League
Basketball
Baseball
Hockey
Golf
Tennis
Cricket
Rugby
Auto Racing
Olympics
World Cup
Sports
Athletes
MLB
NBA
NHL
NFL
Soccer
Sports Teams
WWE
NCAA
Football
Premier League
Basketball
Baseball
Hockey
Golf
Tennis
Cricket
Rugby
Auto Racing
Olympics
World Cup
Random Quiz
Search Sporcle
×
Quiz Lab
Quiz Lab
Sports
Wrestlemania
Type in answers that appear in a list
Type in answers that appear in a list
Classic
Best Score? Go Orange.
Wrestlemania Openers Stats
Can you name the Wrestlemania Openers?
By
Bradbingham
15m
81 Questions
428 Plays
428 Plays
428 Plays
Comments
Comments
Give Quiz Kudos
Give Quiz Kudos
-
- Ratings
hide this ad
More Info
Replay
Link that replays current quiz
Next Quiz
Link to next quiz in quiz playlist
You Got
0%
They Got
Avg Score
68%
Avg Friend Score
Upgrade to see
Score Distribution
Jump to the score distribution portion of the page
Score
0/81
Timer
15:00
0
Plays Today
% Correct
Shawn Michaels
88.8%
Shawn Michaels
88.1%
Shawn Michaels
88.1%
Kane
86.9%
Kane
86.9%
Edge
86.7%
Bret Hart
85.7%
Owen Hart
85.5%
Owen Hart
85.3%
The Big Show
85%
The Big Show
85%
Chris Jericho
83.6%
CM Punk
81.3%
CM Punk
81.3%
Rey Mysterio
80.4%
Rey Mysterio
80.4%
Marty Jannetty
80.1%
Matt Hardy
80.1%
John Cena
79.9%
Matt Hardy
78.5%
'Cowboy' Bob Orton
78.3%
Jeff Hardy
77.8%
Tito Santana
76.9%
Tito Santana
76.9%
William Regal
76.4%
William Regal
76.4%
British Bulldog
76.2%
% Correct
Shelton Benjamin
75.2%
Rob Van Dam
74.5%
Finlay
74.1%
Finlay
74.1%
Christian
74.1%
Finlay
74.1%
Yokozuna
73.8%
Eddie Guerrero
73.4%
Bad News Brown
72%
Tatanka
72%
L.O.D. 2000 (Hawk & Animal)
71.3%
JBL
70.8%
Mr. Kennedy
70.6%
Lex Luger
70.1%
Bull Buchanan
70.1%
British Bulldog
68.2%
Carlito
68.2%
Billy Gunn
67.8%
Randy Orton
67.8%
D'Lo Brown
65.4%
Chris Masters
65.4%
Jake 'The Snake' Roberts
65%
The Godfather
64.5%
Mark Henry
64.5%
Rick Martel
63.8%
Rick Martel
63.6%
The Big Boss Man
63.6%
% Correct
Hardcore Holly
63.1%
Ahmed Johnson
62.1%
Vader
61.9%
The Executioner
61.2%
Headbangers (Mosh & Thrasher)
60.5%
Al Snow
59.6%
Kofi Kingston
59.6%
King Haku
59.3%
Haku
59.3%
Eli Blu
59.1%
Jacob Blu
58.9%
MVP
58.9%
King Booker
56.3%
Barbarian
55.4%
Tom Zenk
55.1%
The Godwinns (P.I.G. & H.O.G)
54.9%
Koko B. Ware
54%
'Mr. Wonderful' Paul Orndorff
51.4%
Don Muraco
51.2%
Don Muraco
51.2%
Hercules
50.2%
Doug Furnas and Phil LaFon
44.4%
The New Blackjacks (Windham & Bradshaw)
41.4%
Big Show
38.6%
The Miz
34.1%
John Morrison
31.3%
R-Truth
27.8%
Quiz Playlist
Details
Report
Send in Message
Add To Playlist
More Info:
List all the opening matches at Wrestlemania
Classic:
Type in answers that appear in a list
Last Updated: Feb 16, 2017
Quiz Scoreboard
CHALLENGE
Sign Up to Join the Scoreboard
Show All
Scores
Hide
Comments
May contain spoilers
Recently Published
Pick 6: Fruits
by JohnFran
Miscellaneous
15s
Click the 1999 NBA Draft
by nibperrychub
Sports
2m
Alphabetical 'K' Countries by Flag Minefield
by ylime102
Geography
3m
More to Explore
Quiz From the Vault
Featured Blog Post
15 Basketball Trivia Facts You Can Be March Mad About
hide this ad
You Might Also Like...
Tags
Opener
Wrestlemania
Today's Top Quizzes in Sports
Browse Sports
hide this ad
Today's Top Quizzes in Wrestlemania
Browse Wrestlemania
Top Contributed Quizzes in Sports
1
Don't Strike Out: 3000 Strikeouts
2
MLB 2 truths and a lie: Hall of Fame pitchers
3
Pick 6: NFL Teams
4
Criteria MLB: Left Handed Sluggers
5
MLB Players with Two .350 Batting Average Seasons
6
2022 World Cup Stars
7
Les joueurs à 100 buts en Ligue 1 Uber Eats
8
Millionaire: NBA Finals Edition
9
Pick 6: Minor League Baseball
10
Last 10 Members of the 500 HR Club in Order
Explore More
Trending Topics
Harry Potter
Crossword
Disney
NBA
Kpop
Marvel
Anime
Song
Pokémon
NFL
WWE
Soccer
The Office
Country
Puzzle
hide this ad
More By:
Bradbingham
Quiz
Plays
Rating
Category
Featured
Created
WWE Hall of Fame
512
3.00
Sports
Dec 22, 2009
Wrestlemania Openers
428
2.80
Sports
Dec 23, 2009
Suikoden Returning Stars of Destiny
403
4.33
Gaming
Dec 22, 2009
Hulk Hogan's Rock 'n' Wrestling
382
5.00
Sports
Feb 24, 2010
Wishes made on the Dragonballs
309
3.00
Television
Dec 22, 2009
Go to Creator's Profile
Score Distribution
Quiz Creator Spotlight
Bradbingham
Follow
Send a Message
Quizzes Created
-
Created Quiz Play Count
-
More By This Creator
Popular Quizzes Today
1
Find the US States - No Outlines Minefield
2
Countries of Asia Without Outlines Minefield
3
Pick 6: Fruits
4
The Countries of the World
5
Alphabetical 'K' Countries by Flag Minefield
6
Find the US States
7
Match the Book to the Film X
8
Click the 1999 NBA Draft
More Sports Quizzes
2010s Top Scorers: New York Knicks
Published
Trending Quizzes
Pick 6: Harry Potter
Pick 6: Mountains
Pick 6: NFL Teams
Pick 6: Movie Franchises
Pick 6: Golfers
Recently Updated
Women's Final Four Teams by Year
bhenderson79
Presidents Quartet II
eogle
Anything But Clue(do)
eogle
Anything But Oceanian Capitals
eogle
Anything But 7
eogle
Anything But Thing
eogle
Word Ladder: February 29
pecheneg
Song Title Questions
pecheneg
Women's NCAA Tournament #1 Seeds
pecheneg
Celebrity Mug Shots
pecheneg
Trending Topics
Kpop
Marvel
Harry Potter
Disney
NBA
Anime
Crossword
Song
Puzzle
Country
The Office
Soccer
NFL
Pokémon
WWE
Your Account Isn't Verified!
In order to create a playlist on Sporcle, you need to verify the email address you used during registration. Go to your
Sporcle Settings
to finish the process.
Report this User
Report this user for behavior that violates our
Community Guidelines
.
Details:
Send Report
Go to the Sporcle.com Mobile Site →
Comments